Normal view
MARC view
Entry Personal Name
001 - CONTROL NUMBER
- control field: 74381
003 - CONTROL NUMBER IDENTIFIER
- control field: OSt
005 - DATE AND TIME OF LATEST TRANSACTION
- control field: 20190423164619.0
008 - FIXED-LENGTH DATA ELEMENTS
- fixed length control field: 190423|| aca||aabn | a|a d
040 ## - CATALOGING SOURCE
- Original cataloging agency: OSt
- Transcribing agency: OSt
100 ## - HEADING--PERSONAL NAME
- Personal name: नागर,सूर्यकांत
670 ## - SOURCE DATA FOUND
- Source citation: Work cat.: (OSt): नागर,सूर्यकांत, सम्पूर्ण कहानियां , 2013









